| 000 -LEADER |
| fixed length control field |
01622nam a22001577a 4500 |
| 008 - FIXED-LENGTH DATA ELEMENTS--GENERAL INFORMATION |
| fixed length control field |
230328b ||||| |||| 00| 0 eng d |
| 100 ## - MAIN ENTRY--PERSONAL NAME |
| Personal name |
Cucca, Roberta and Ranci, Constanzo |
| 245 ## - TITLE STATEMENT |
| Title |
Urban policy in times of crisis: The policy capacity of European cities and the role of multi-level governance |
| 260 ## - PUBLICATION, DISTRIBUTION, ETC. (IMPRINT) |
| Place of publication, distribution, etc |
Urban Affairs Review |
| 300 ## - PHYSICAL DESCRIPTION |
| Extent |
58(6), Nov, 2022: p.1493-1522 |
| 520 ## - SUMMARY, ETC. |
| Summary, etc |
This article investigates how the policy capacity of urban governments in Europe to deal with the social challenges caused by the 2008-2009 financial crisis, has been strongly shaped by the institutional multi-level governance (MLG) settings in which cities were embedded. We consider the financial crisis as an important ‘stress test’ for urban policy. Urban governments faced a highly complex, trilemmatic situation: they faced not only growing social and economic problems at the local level, but also a process of devolution of institutional responsibility from central to local governments, and important cuts in central funding. Our analysis is based on an empirical investigation carried out between 2009 and 2016 in six major European cities: Barcelona, Copenhagen, Lyon, Manchester, Milan, and Munich. What clearly emerges from the research is that European cities may still show a certain capacity to innovate and govern economic changes and social challenges only if supported by an enabling MLG system.- Reproduced |
| 650 ## - SUBJECT ADDED ENTRY--TOPICAL TERM |
| Topical term or geographic name as entry element |
Urban policy, European cities, Multi-level governance, austerity, Policy capacity. |
| 9 (RLIN) |
36998 |
| 773 ## - HOST ITEM ENTRY |
| Main entry heading |
Urban Affairs Review |
| 906 ## - LOCAL DATA ELEMENT F, LDF (RLIN) |
| Subject DIP |
URBAN POLICY |
| 942 ## - ADDED ENTRY ELEMENTS (KOHA) |
| Item type |
Articles |